000 00585nam a2200229Ia 4500
003 OSt
005 20221005114059.0
006 a|||||r|||| 00| 0
007 ta
008 221004b |||||||| |||| 00| 0 san d
024 _a51470
037 _cTextual
040 _aCRL
_cCRL
_bsan
041 _2san
_asan
082 _aQ21:227, 15J8
100 _aValmiki
245 0 _aAnanda Ramayana tr by Ramateja Pandeya ed by Yugale Kishore Dvivedi
260 _c1958
650 _aRELIGION
942 _hQ21:227, 15J8
_cTEXL
_2cc
999 _c1030183
_d1030183